Central Library OPAC University of Rajshahi

Thackeray : (Record no. 21300)

MARC details
000 -LEADER
fixed length control field 00706nam a22002291a 4500
001 - CONTROL NUMBER
control field 21300
003 - CONTROL NUMBER IDENTIFIER
rucl marc code BD-RjUL
005 - DATE AND TIME OF LATEST TRANSACTION
control field 20211209000654.0
008 - FIXED-LENGTH DATA ELEMENTS--GENERAL INFORMATION
fixed length control field 140304s1950 enk b 001 0 eng d
035 ## - SYSTEM CONTROL NUMBER
System control number (BD-RjUL)21364
System control number (BD-RjUL)
040 ## - CATALOGING SOURCE
Original cataloging agency NZOC
Language of cataloging eng
Transcribing agency NZOC
Modifying agency NZOC
-- BD-RjUL
041 ## - LANGUAGE CODE
Language code of text/sound track or separate title eng
082 04 - DEWEY DECIMAL CLASSIFICATION NUMBER
Classification number 823.8
Author mark and year GRT
100 1# - MAIN ENTRY--PERSONAL NAME
Personal name Greig, J. Y. T.
Fuller form of name (John Young Thomson),
Dates associated with a name 1891-
9 (RLIN) 65859
245 10 - TITLE STATEMENT
Title Thackeray :
Remainder of title a reconsideration /
Statement of responsibility, etc. J. Y. T. Greig.
260 ## - PUBLICATION, DISTRIBUTION, ETC. (IMPRINT)
Place of publication, distribution, etc. London :
Name of publisher, distributor, etc. Oxford University Press,
Date of publication, distribution, etc. 1950.
300 ## - PHYSICAL DESCRIPTION
Pagination vii, 215 p.
Size 21cm.
504 ## - BIBLIOGRAPHY, ETC. NOTE
Bibliography, etc Includes bibliographical references and index.
600 10 - SUBJECT ADDED ENTRY--PERSONAL NAME
Personal name Thackeray, William Makepeace,
Dates associated with a name 1811-1863.
942 ## - ADDED ENTRY ELEMENTS (KOHA)
Source of classification or shelving scheme Dewey Decimal Classification
Koha item type Books
Holdings
Lost status Source of classification or shelving scheme Damaged status Not for loan Collection code Permanent Location Current Location Shelving location Date acquired Source of acquisition Cost, normal purchase price Total Checkouts Full call number Date last seen Copy number Koha item type
  Dewey Decimal Classification   Added to bundle Fiction Central Library, University of Rajshahi Central Library, University of Rajshahi Reading Room 04/08/1955 O.U.P. dhaka 8.60   823.8 GRT 1950 04/03/2014 C-1 Books
  Dewey Decimal Classification     Non-fiction Central Library, University of Rajshahi Central Library, University of Rajshahi General Stacks   Oxford University press,     823.8 GRT 1950 23/01/2024 C-2 Books